Normal view
MARC view
- Ganguly, Ayon
Entry Personal Name
001 - CONTROL NUMBER
- control field: 41835
003 - CONTROL NUMBER IDENTIFIER
- control field: DLC
005 - DATE AND TIME OF LATEST TRANSACTION
- control field: 20181029104215.0
008 - FIXED-LENGTH DATA ELEMENTS
- fixed length control field: 180425n| azannaabn |n aaa c
010 ## - LIBRARY OF CONGRESS CONTROL NUMBER
- LC control number: no2018055910
035 ## - SYSTEM CONTROL NUMBER
- System control number: (OCoLC)oca11315041
040 ## - CATALOGING SOURCE
- Original cataloging agency: NjP
- Language of cataloging: eng
- Description conventions: rda
- Transcribing agency: NjP
- Modifying agency: EG-ScBUE
100 1# - HEADING--PERSONAL NAME
- Personal name: Ganguly, Ayon
670 ## - SOURCE DATA FOUND
- Source citation: Analysis of step-stress models, c2017:
- Information found: title page (Ayon Ganguly) page 4 of cover (Assistant Professor in the Department of Mathematics at the Indian Institute of Technology, Guwahati, India; received his PhD in statistics from the Department of Mathematics and Statistics, Indian Institute of Technology, Kanpur, India; his research interests include reliability and survival analysis)